Ghazaon say motapay ka ilaj (Record no. 325533)

000 -LEADER
fixed length control field 00339 a2200133 4500
001 - CONTROL NUMBER
control field 90460
082 ## - DEWEY DECIMAL CLASSIFICATION NUMBER
Classification number 616.398 ABD
090 ## - LOCALLY ASSIGNED LC-TYPE CALL NUMBER (OCLC); LOCAL CALL NUMBER (RLIN)
-- 42793
-- 42793
100 ## - MAIN ENTRY--PERSONAL NAME
Personal name Abdur Rehman
245 ## - TITLE STATEMENT
Title Ghazaon say motapay ka ilaj
Statement of responsibility, etc. Hakim Abdur Rehman
260 ## - PUBLICATION, DISTRIBUTION, ETC.
Place of publication, distribution, etc. Lahore
Name of publisher, distributor, etc. Mushtaq Book Corner
Date of publication, distribution, etc. 2005
300 ## - PHYSICAL DESCRIPTION
Extent 224p.
500 ## - GENERAL NOTE
General note General Collection
942 ## - ADDED ENTRY ELEMENTS (KOHA)
Institution code [OBSOLETE] CAE NUST
Call number prefix 616.398 ABD
Holdings
Withdrawn status Lost status Damaged status Not for loan Collection code Permanent Location Current Location Date acquired Total Checkouts Full call number Barcode Date last seen Price effective from Koha item type
          College of Aeronautical Engineering (CAE) College of Aeronautical Engineering (CAE) 04/03/2017   616.398 ABD CAE86495 04/05/2017 04/05/2017 Book
© 2023 Central Library, National University of Sciences and Technology. All Rights Reserved.